Le Roi Lion - Statistiques

Statistiques générales
  • Ce quiz a été pris 509 fois
  • Le résultat moyen est 14 sur 25
Statistiques - réponses
Question Réponse % Correct
Qui est la meilleure amie et futur reine de Simba ? Nala
96%
Quelle est la devise de Timon et Pumbaa ? Hakuna Matata
94%
Quel est le type d'animal de Timon ? Suricate
86%
Quel chanson chante Simba étant petit ? Je Voudrais Déjà Être Roi
81%
Quel est le nom du calao à bec rouge ? Zazu
81%
Qui est la femme de Mufasa ? Sarabi
77%
Ed
75%
Comment s'appelle le mandrill ? Rafiki
72%
Que dit Scar à Mufasa avant de le tuer ? Longue vie au roi !
64%
Qui est la fille de Simba ? Kiara
62%
Quels sont les noms des trois hyènes ? Shenzi
62%
Quel est le titre de la seule chanson que Scar chante ? Soyez Prêtes
62%
Banzaï
56%
Qui a composé la bande originale ? Elton John et Tim Rice
56%
Où se déroule le film ? La Terre des Lions
53%
Lorsque Kovu est chassé du royaume, quelle chanson les animaux chantent ? L'Un Des Nôtres
44%
Qui est la voix française de Mufasa ? Jean Reno
35%
Qui est la veuve de Scar et mère de Kovu ? Zira
35%
Quel est le titre du Roi Lion II ? L'Honneur de la Tribu
34%
Comment se nomme le lieu paradisiaque que découvrent Kiara et Kovu ? Upendi
33%
Que dit Mufasa à Simba quand il apparaît dans le ciel ? N'oublie pas qui tu es
31%
Quelle est la première chanson du Roi Lion II ? Il Vit En Toi
30%
Que veut dire "Simba" en swahili ? Lion
28%
Qui est la voix française de Scar ? Jean Piat
17%
Qui est la voix française de Simba adulte ? Emmanuel Curtil
16%
Aucun quiz correspondant
Distribution des résultats
% des personnes avec chaque résultat
Percentile par nombre de réponses
Votre historique - résultats
Vous n’avez pas pris ce quiz